| 000 | 00770nam a2200253 a 4500 | ||
|---|---|---|---|
| 001 | BRCA_3731 | ||
| 005 | 20190320204412.0 | ||
| 008 | 150909s1829----enka---###---#000-0#eng-# | ||
| 041 | _aeng | ||
| 044 | _aenk | ||
| 050 | 4 |
_aF1213 _b.H37 1829 |
|
| 100 | 1 |
_aHardy, Robert William Hale _dm. 1871 _99708 |
|
| 245 | 1 | 0 |
_aTravels in the interior of México, in 1825, 1826, 1827 & 1828 _cby Lieut R. W. H. Hardy. |
| 260 |
_aLondon _bH. Colburn & R. Bentley _c1829 |
||
| 300 |
_a540 p. _bil. _c22 cm. |
||
| 500 | _aB353 | ||
| 650 | 1 | 4 |
_aPerlas _xPesca _99709 |
| 650 | 1 | 4 |
_aViajeros ingleses _97018 |
| 651 | 4 |
_aMéxico _xDescripción y viajes _9103 |
|
| 651 | 4 |
_aSonora _xDescripción y viajes _98194 |
|
| 651 | 4 |
_aCalifornia, Golfo de _99710 |
|
| 902 | _aGFM | ||
| 942 |
_2lcc _cB |
||
| 999 |
_c3460 _d3460 |
||